000 00623nam a22002297a 4500
001 14394
003 BD-JhCC
005 20250908110507.0
008 250908b |||||||| |||| 00| 0 eng d
020 _a9780552779739
035 _a(BD-JhCC) 14394
040 _aBD-JhCC
_dBD-JhCC
041 _aeng
082 _223
_a809
_bZUS
100 _aZusak,Markus
245 _aThe Book Thief /
_cMarkus Zusak
260 _aGreat Britain:
_bBlack Swan,
_c2013
300 _a553 p.
_bill.
_c20 cm
_ePaper
650 _a English language Study and teaching (Secondary)
650 _aCriticism and interpretation
942 _2ddc
_cBK
999 _c14394
_d14394